The moon / (Record no. 2000)

MARC details
000 -LEADER
fixed length control field 01539cam a2200337 a 4500
001 - CONTROL NUMBER
control field 2000
003 - CONTROL NUMBER IDENTIFIER
control field FISKH
005 - DATE AND TIME OF LATEST TRANSACTION
control field 20231025134447.0
008 - FIXED-LENGTH DATA ELEMENTS--GENERAL INFORMATION
fixed length control field 081113s2009 ilua j b 001 0 eng
010 ## - LIBRARY OF CONGRESS CONTROL NUMBER
LC control number 2008049161
020 ## - INTERNATIONAL STANDARD BOOK NUMBER
International Standard Book Number 9781432927462 (hc)
020 ## - INTERNATIONAL STANDARD BOOK NUMBER
International Standard Book Number 9781432957933
040 ## - CATALOGING SOURCE
Original cataloging agency DLC
Transcribing agency DLC
Language of cataloging eng
Modifying agency DLC
043 ## - GEOGRAPHIC AREA CODE
Geographic area code zmo----
050 00 - LIBRARY OF CONGRESS CALL NUMBER
Classification number QB582
Item number .G85 2009
082 00 - DEWEY DECIMAL CLASSIFICATION NUMBER
Classification number 523.3
Edition number 22
100 1# - MAIN ENTRY--PERSONAL NAME
Personal name Guillain, Charlotte.
245 14 - TITLE STATEMENT
Title The moon /
Statement of responsibility, etc. Charlotte Guillain.
260 ## - PUBLICATION, DISTRIBUTION, ETC.
Place of publication, distribution, etc. Chicago :
Name of publisher, distributor, etc. Acorn,
Date of publication, distribution, etc. 2009.
300 ## - PHYSICAL DESCRIPTION
Extent 24 pages :
Other physical details color illustrations :
Dimensions 18 × 21 cm
490 0# - SERIES STATEMENT
Series statement Space
505 0# - FORMATTED CONTENTS NOTE
Formatted contents note G<br/>
520 ## - SUMMARY, ETC.
Summary, etc. Read this book to find out about the Moon. Books in this series introduce children to outer space. Each book uses simple, repetitive text to teach children basic vocabulary, and includes stunning photographs and artwork to show the main features of our Solar System. In The Moon, children learn what the Moon is made of, how the Moon moves around Earth, and how people have visited the Moon.<br/>
521 8# - TARGET AUDIENCE NOTE
Target audience note 320<br/>
Source Lexile<br/>
521 8# - TARGET AUDIENCE NOTE
Target audience note G<br/>
Source Raz-Plus<br/>
650 #0 - SUBJECT ADDED ENTRY--TOPICAL TERM
Topical term or geographic name entry element Satellites
Form subdivision Juvenile literature.
651 #0 - SUBJECT ADDED ENTRY--GEOGRAPHIC NAME
Geographic name Moon
Form subdivision Juvenile literature.
906 ## - LOCAL DATA ELEMENT F, LDF (RLIN)
a 7
b cbc
c orignew
d 1
e ecip
f 20
g y-gencatlg
942 ## - ADDED ENTRY ELEMENTS (KOHA)
Source of classification or shelving scheme Dewey Decimal Classification
Koha item type Books
Suppress in OPAC No
Holdings
Withdrawn status Lost status Source of classification or shelving scheme Damaged status Not for loan Collection Home library Current library Shelving location Date acquired Total Checkouts Full call number Barcode Date last seen Date last checked out Copy number Price effective from Koha item type
    Dewey Decimal Classification     Non-Fiction Footprints International School Library Network Toul Kork Campus Footprints International School Library Network Toul Kork Campus TK Primary Library Room(4th Floor), Bookcase 7, Shelves 57-60, Dark Green Books 10/25/2023 2 GUI 523.3 QB582.G85 FISBK06393 04/25/2024 03/28/2024 1 10/25/2023 Books
    Dewey Decimal Classification     Non-Fiction Footprints International School Library Network Toul Kork Campus Footprints International School Library Network Toul Kork Campus TK Primary Library Room(4th Floor), Bookcase 7, Shelves 57-60, Dark Green Books 07/16/2024 1 GUI 523.3 QB582.G85 FISBK04361 01/30/2025 08/06/2024 2 07/16/2024 Books